[Event "Challenge"]
[Site "http://www.queenalice.com/game.php?id=1352348"]
[Date "2015.4.7"]
[Round "-"]
[White "dnptrs"]
[Black "mthal"]
[Result "0-1"]
[WhiteElo "2180"]
[BlackElo "2241"]

1. d4 Nf6 2. Nf3 g6 3. g3 Bg7 4. Bg2 d5 5. O-O O-O 6. b3 c5 7. c3 Ne4 8. Bb2 Nc6
9. dxc5 Nxc5 10. Nbd2 Qb6 11. Nd4 Na4 12. bxa4 Qxb2 13. Nb5 Bxc3 14. Nxc3 Qxc3
15. Rb1 Rd8 16. Qc1 Qa5 17. Nb3 Qxa4 18. Nc5 Qxa2 19. Nxb7 Bxb7 20. Rxb7 Nd4 21.
Qe3 Nxe2+ 22. Kh1 d4 23. Qe5 e6 24. Rfb1 Nc3 25. R7b2 Qa4 26. Rb4 Qd7 27. Rb7
Qd6 28. Qf6 Qf8 29. R1b2 a5 30. Bh3 Ne4 31. Qf4 Nc5 32. R7b5 Nd3 0-1

[Event "Challenge"]
[Site "http://www.queenalice.com/game.php?id=1352372"]
[Date "2015.4.7"]
[Round "-"]
[White "mthal"]
[Black "dnptrs"]
[Result "1-0"]
[WhiteElo "2251"]
[BlackElo "2194"]

1. d4 Nf6 2. c4 e6 3. Nf3 d5 4. Nc3 Be7 5. Bg5 h6 6. Bh4 Ne4 7. Bxe7 Qxe7 8. Qc2
Nxc3 9. Qxc3 O-O 10. e3 c6 11. Bd3 Nd7 12. O-O Re8 13. e4 dxc4 14. Bxc4 e5 15.
dxe5 Nxe5 16. Nxe5 Qxe5 17. Qxe5 Rxe5 18. Rad1 Kf8 19. Rfe1 Ke7 20. f4 Rc5 21.
Rd4 a5 22. a3 b5 23. Bd3 Ra7 24. Kf2 Rd7 25. Rxd7+ Bxd7 26. h4 g5 27. fxg5 hxg5
28. h5 g4 29. Rh1 Rg5 30. h6 Rg8 31. b4 axb4 32. axb4 Rh8 33. Ke3 Kf6 34. Kf4
Be6 35. e5+ Ke7 36. Bf5 Bd5 37. Rh2 f6 38. Bxg4 Bg8 39. Bf3 1-0

[Event "Challenge"]
[Site "http://www.queenalice.com/game.php?id=1373267"]
[Date "2015.7.25"]
[Round "-"]
[White "mthal"]
[Black "eddval"]
[Result "1-0"]
[WhiteElo "2284"]
[BlackElo "2262"]

1. d4 Nf6 2. c4 e6 3. Nf3 Bb4+ 4. Bd2 Qe7 5. a3 Bxd2+ 6. Nbxd2 b6 7. e3 Bb7 8.
Bd3 d6 9. Qc2 Nbd7 10. O-O h6 11. b4 a5 12. Rfc1 O-O 13. c5 Bxf3 14. Nxf3 bxc5
15. bxc5 e5 16. Bf5 Rfb8 17. cxd6 cxd6 18. Bxd7 Nxd7 19. Qc7 Rc8 20. Qxc8+ Rxc8
21. Rxc8+ Kh7 22. Ra8 e4 23. Nd2 Nf6 24. Rxa5 Qc7 25. Rb5 Qc3 26. Nb3 Qb2 27. h3
g5 28. a4 g4 29. a5 g3 30. a6 gxf2+ 31. Kf1 Qc2 32. a7 Qc4+ 33. Kxf2 Qxb5 34.
Ra3 Qf5+ 35. Kg1 Qg5 36. Nd2 Qg3 37. a8=Q Qe1+ 38. Nf1 1-0

[Event "Challenge"]
[Site "http://www.queenalice.com/game.php?id=1380821"]
[Date "2015.9.2"]
[Round "-"]
[White "eddval"]
[Black "mthal"]
[Result "0-1"]
[WhiteElo "2306"]
[BlackElo "2334"]

1. e4 c5 2. Nf3 Nc6 3. d4 cxd4 4. Nxd4 Nf6 5. Nc3 e5 6. Ndb5 d6 7. Bg5 a6 8. Na3
b5 9. Nd5 Be7 10. Bxf6 Bxf6 11. c3 Bg5 12. Nc2 O-O 13. Be2 g6 14. O-O Rb8 15.
Qd3 Kh8 16. b4 f5 17. Bf3 Ne7 18. Nce3 Bxe3 19. Nxe3 Bb7 20. Rfd1 Rf6 21. a4 Bc6
22. a5 Qc8 23. Rac1 Kg7 24. c4 Qb7 25. Nd5 bxc4 26. Qxc4 Nxd5 27. exd5 Ba4 28.
Qc7+ Kh6 29. Re1 Qxc7 30. Rxc7 Rxb4 31. Be2 Bb5 32. Rb7 Re4 33. Kf1 Bxe2+ 34.
Rxe2 Ra4 35. Rc2 Rxa5 36. Rcc7 Rxd5 37. h4 Kh5 38. g3 h6 39. Kg2 f4 40. Rb4 Rd2
41. Kh3 Rd3 42. Rc6 g5 43. Rxa6 gxh4 0-1

[Event "Challenge"]
[Site "http://www.queenalice.com/game.php?id=1383692"]
[Date "2015.9.16"]
[Round "-"]
[White "eddval"]
[Black "mthal"]
[Result "1/2-1/2"]
[WhiteElo "2311"]
[BlackElo "2304"]

1. e4 c5 2. Nf3 Nc6 3. d4 cxd4 4. Nxd4 Nf6 5. Nc3 e5 6. Ndb5 d6 7. Bg5 a6 8. Na3
b5 9. Nd5 Be7 10. Bxf6 Bxf6 11. c3 Bg5 12. Nc2 Ne7 13. Nce3 Bxe3 14. Nxe3 Bb7
15. Qd3 d5 16. exd5 Nxd5 17. Nxd5 Qxd5 18. Qxd5 Bxd5 19. Bd3 Ke7 1/2-1/2

[Event "Challenge"]
[Site "http://www.queenalice.com/game.php?id=1385231"]
[Date "2015.9.25"]
[Round "-"]
[White "Albator007"]
[Black "mthal"]
[Result "1-0"]
[WhiteElo "1659"]
[BlackElo "2389"]

1. e4 c5 2. Nf3 Nc6 3. d4 cxd4 4. Nxd4 Nf6 5. Nc3 e5 6. Ndb5 d6 7. Bg5 a6 8. Na3
b5 9. Bxf6 gxf6 10. Nd5 f5 11. Bd3 Be6 12. O-O Bg7 13. Qh5 f4 14. c4 b4 15. Nc2
a5 16. g3 Rb8 17. Kh1 b3 18. axb3 Rxb3 19. Ra3 Rxb2 20. gxf4 h6 21. Rg1 Bf6 22.
Nxf6+ Qxf6 23. f5 Bxc4 24. Ne3 d5 25. exd5 Bxd3 26. Rxd3 Nd4 27. Rc3 Rb8 28. Rc7
Rf8 29. Nc4 Kd8 30. d6 a4 31. Qg4 a3 32. Ra7 Nc6 33. Rxa3 1-0

[Event "Challenge"]
[Site "http://www.queenalice.com/game.php?id=1389565"]
[Date "2015.10.16"]
[Round "-"]
[White "leduar"]
[Black "mthal"]
[Result "0-1"]
[WhiteElo "2181"]
[BlackElo "2295"]

1. e4 e6 2. d4 c5 3. c3 Nf6 4. Bd3 Nc6 5. e5 Nd5 6. Nf3 cxd4 7. cxd4 Bb4+ 8. Bd2
Qb6 9. Bxb4 Qxb4+ 10. Qd2 Nxd4 11. Nxd4 Qxd4 12. O-O Qxe5 13. Re1 Qf4 14. Qd1
O-O 15. Re4 Qf6 16. Qd2 b6 17. g3 Bb7 18. Rh4 h6 19. Be4 Bc6 20. Na3 Rfd8 21.
Nc4 b5 22. Na5 Rac8 23. Nb3 Nb6 24. Rf4 Nc4 25. a4 Nxd2 0-1

[Event "Challenge"]
[Site "http://www.queenalice.com/game.php?id=1390022"]
[Date "2015.10.20"]
[Round "-"]
[White "mthal"]
[Black "leduar"]
[Result "1-0"]
[WhiteElo "2304"]
[BlackElo "2172"]

1. Nf3 f5 2. d4 Nf6 3. g3 d5 4. c4 c6 5. Bg2 e6 6. O-O Bd6 7. b3 Qe7 8. Bb2 Nbd7
9. Nbd2 Ne4 10. Ne5 Nxe5 11. dxe5 Bc7 12. Nxe4 fxe4 13. Qc1 O-O 14. Ba3 Qf7 15.
Bxf8 Qxf8 16. f4 exf3 17. Rxf3 Qc5+ 18. Kh1 Bxe5 19. Qg5 Qd6 20. c5 Qc7 21. Raf1
Bd7 22. Qe7 Bf6 23. Rxf6 gxf6 24. Rf4 f5 25. Rh4 Re8 26. Qg5+ Kh8 27. Qf6+ Kg8
28. Rh5 h6 29. Rxh6 1-0

[Event "Challenge"]
[Site "http://www.queenalice.com/game.php?id=1390023"]
[Date "2015.10.20"]
[Round "-"]
[White "leduar"]
[Black "mthal"]
[Result "0-1"]
[WhiteElo "2164"]
[BlackElo "2312"]

1. e4 d6 2. d4 Nf6 3. Nc3 g6 4. Nf3 Bg7 5. Bg5 O-O 6. Bc4 c6 7. e5 dxe5 8. dxe5
Ng4 9. Qxd8 Rxd8 10. Bxe7 Re8 11. Bd6 Nd7 12. O-O Ngxe5 13. Nxe5 Nxe5 14. Bxe5
Bxe5 15. Rae1 Bf5 16. Re3 Bd4 17. Rxe8+ Rxe8 18. Bd3 Bxd3 19. cxd3 Bxc3 20. bxc3
Re2 21. Rd1 Rxa2 22. g3 b5 23. Rc1 a5 24. d4 a4 25. Kg2 f5 26. Kf3 a3 27. h4 Kf7
28. Rb1 Rc2 0-1

[Event "Challenge"]
[Site "http://www.queenalice.com/game.php?id=1390315"]
[Date "2015.10.22"]
[Round "-"]
[White "leduar"]
[Black "mthal"]
[Result "0-1"]
[WhiteElo "2165"]
[BlackElo "2327"]

1. e4 e5 2. Nf3 Nc6 3. Bc4 Nf6 4. Ng5 d5 5. exd5 Na5 6. Bb5+ c6 7. dxc6 bxc6 8.
Qf3 Rb8 9. Be2 Bd6 10. Ne4 Nxe4 11. Qxe4 O-O 12. a3 c5 13. Nc3 Bb7 14. Qg4 Nc6
15. O-O Nd4 16. Bd3 e4 17. Bc4 Bc8 18. Qxe4 Bf5 19. Qd5 Be6 20. Qh5 Bxc4 21. d3
Nxc2 22. dxc4 Nxa1 23. Ne4 Nb3 24. Bg5 Be7 25. Rd1 Nd4 26. Bc1 g6 27. Qd5 Ne2+
28. Kf1 Nxc1 29. Rxc1 Rxb2 30. Qe5 Qd3+ 31. Kg1 Rb1 0-1

[Event "Challenge"]
[Site "http://www.queenalice.com/game.php?id=1390316"]
[Date "2015.10.22"]
[Round "-"]
[White "mthal"]
[Black "leduar"]
[Result "1-0"]
[WhiteElo "2320"]
[BlackElo "2149"]

1. e4 e5 2. Nf3 Nc6 3. Bb5 a6 4. Bxc6 dxc6 5. O-O Bg4 6. h3 h5 7. d3 Bxf3 8.
Qxf3 Qf6 9. Nd2 Bd6 10. Qe2 O-O-O 11. Nc4 Qe7 12. f4 Bc5+ 13. Kh1 exf4 14. Bxf4
f5 15. Rae1 g5 16. Be5 Rh7 17. exf5 g4 18. Bg3 Qxe2 19. Rxe2 h4 20. Bf4 g3 21.
Bg5 Rd5 22. Re8+ 1-0

[Event "Challenge"]
[Site "http://www.queenalice.com/game.php?id=1395209"]
[Date "2015.11.20"]
[Round "-"]
[White "mthal"]
[Black "patoche"]
[Result "1/2-1/2"]
[WhiteElo "2353"]
[BlackElo "2593"]

1. d4 Nf6 2. c4 Nc6 3. Nf3 e6 4. a3 d6 5. Nc3 g6 6. g3 Bg7 7. Bg2 O-O 8. O-O Re8
9. h3 d5 10. b3 Ne4 11. Bb2 Nd6 12. cxd5 exd5 13. Nxd5 Nf5 14. Nb4 Ncxd4 15.
Nxd4 Nxd4 16. e3 Nf3+ 17. Qxf3 Bxb2 18. Rad1 Qf6 19. Qxf6 Bxf6 20. Na6 Bd8 21.
Rd2 c6 22. b4 Bb6 23. Nc5 Kg7 24. Na4 Bc7 25. Rc1 1/2-1/2

[Event "Challenge"]
[Site "http://www.queenalice.com/game.php?id=1395210"]
[Date "2015.11.20"]
[Round "-"]
[White "patoche"]
[Black "mthal"]
[Result "1/2-1/2"]
[WhiteElo "2598"]
[BlackElo "2345"]

1. d4 Nf6 2. c4 g6 3. Nf3 Bg7 4. g3 O-O 5. Bg2 c6 6. O-O d5 7. cxd5 cxd5 8. Nc3
Ne4 9. Nxe4 dxe4 10. Ne5 Qd5 11. b3 Nc6 12. Nxc6 bxc6 13. Be3 Rd8 14. Qc2 Bf5
15. Rfd1 Qe6 16. Rac1 Rd6 17. h3 h5 18. g4 hxg4 19. hxg4 Bxg4 20. Qxe4 1/2-1/2

[Event "AUTO-ELITE-1608"]
[Site "http://www.queenalice.com/game.php?id=1402995"]
[Date "2016.1.7"]
[Round "1"]
[White "popcorn"]
[Black "mthal"]
[Result "0-1"]
[WhiteElo "2284"]
[BlackElo "2389"]

1. d4 f5 2. c4 Nf6 3. Nc3 e6 4. g3 c6 5. Bg2 d5 6. cxd5 exd5 7. Nh3 Be7 8. O-O
O-O 9. Qb3 Qb6 10. Qxb6 axb6 11. b3 b5 12. f3 Re8 13. Bd2 Ba3 14. Rab1 b4 15.
Na4 Rxe2 16. Rf2 Re8 17. Nf4 Nfd7 18. Nd3 Na6 19. Bh3 g6 20. g4 b5 21. Nac5
Naxc5 22. dxc5 Ne5 23. Nxe5 Rxe5 24. Bf4 Re8 25. gxf5 Ra7 26. Kf1 Rae7 27. Bg4
Bxf5 28. Bxf5 gxf5 29. Rd1 Re6 30. Rb1 Rg6 31. Rd1 Re7 32. Bd2 Kf7 33. Re1 Rxe1+
34. Kxe1 Rg1+ 35. Rf1 Rxf1+ 36. Kxf1 Ke6 37. Ke2 d4 0-1

[Event "AUTO-ELITE-1608"]
[Site "http://www.queenalice.com/game.php?id=1402996"]
[Date "2016.1.7"]
[Round "1"]
[White "mthal"]
[Black "popcorn"]
[Result "1-0"]
[WhiteElo "2398"]
[BlackElo "2275"]

1. d4 Nf6 2. c4 g6 3. Nc3 Bg7 4. e4 d6 5. Nf3 O-O 6. Be2 e5 7. d5 Nbd7 8. O-O a5
9. Ne1 Nc5 10. Qc2 Nfd7 11. Bg4 Bf6 12. Nf3 h5 13. Bh3 g5 14. Bf5 Kg7 15. Qd2
Nb6 16. Bxc8 Rxc8 17. b3 Rh8 18. Nxg5 Bxg5 19. Qxg5+ Qxg5 20. Bxg5 Nd3 21. Rad1
Nc5 22. f4 f6 23. Bh4 Rhf8 24. Rf3 Nbd7 25. Rdf1 Kg6 26. Rg3+ Kh6 27. Rh3 Kg6
28. Be1 exf4 29. Rxf4 Ne5 30. Bf2 Ncd3 31. Rg3+ Kh6 32. Rf5 Nxf2 33. Kxf2 Ng4+
34. Kg1 1-0

[Event "AUTO-ELITE-1608"]
[Site "http://www.queenalice.com/game.php?id=1403003"]
[Date "2016.1.7"]
[Round "1"]
[White "mthal"]
[Black "gopre"]
[Result "1-0"]
[WhiteElo "2411"]
[BlackElo "2346"]

1. d4 Nf6 2. c4 e6 3. Nf3 b6 4. g3 Ba6 5. b3 Bb4+ 6. Bd2 Be7 7. Bg2 c6 8. O-O
O-O 9. Qc2 d5 10. Bg5 Nbd7 11. Nbd2 Rc8 12. e4 h6 13. Bf4 g5 14. Be3 Ng4 15. a4
Nxe3 16. fxe3 Qc7 17. Ne1 Bb4 18. Rf2 Bxd2 19. Rxd2 dxc4 20. bxc4 c5 21. d5 Ne5
22. Bf1 Rcd8 23. a5 bxa5 24. Be2 f6 25. Qc3 Rb8 26. Nf3 exd5 27. Nxe5 fxe5 28.
exd5 Qd6 29. Qxa5 Rf6 30. Rda2 Rb6 31. Rf1 Rxf1+ 32. Bxf1 Qe7 33. Qa3 Kh7 34.
Qd3+ e4 35. Qd1 Kg6 36. Qa1 Qf6 37. Qxf6+ Kxf6 38. Ra5 Bc8 39. Rxc5 Bf5 40. Ra5
Rb3 41. Be2 Rxe3 42. Kf2 Rb3 43. Rxa7 e3+ 44. Kf3 h5 45. h3 Bxh3 46. Ke4 h4 47.
Ra6+ Kg7 48. gxh4 gxh4 49. Kd4 Bf5 50. Ra1 Kh6 51. Rg1 Ra3 52. c5 Ra7 53. Kxe3
Ra5 54. Kd4 h3 55. c6 Ra7 56. Ke5 Rf7 57. d6 Bc8 58. Rg8 Rf5+ 59. Ke4 Be6 60.
Bg4 Kh7 61. Bxf5+ Bxf5+ 62. Kxf5 h2 63. d7 h1=Q 64. d8=Q Qf3+ 65. Ke5 Qe2+ 66.
Kd6 Qd2+ 67. Kc7 Qf4+ 68. Qd6 Qxd6+ 69. Kxd6 1-0

[Event "AUTO-ELITE-1608"]
[Site "http://www.queenalice.com/game.php?id=1403004"]
[Date "2016.1.7"]
[Round "1"]
[White "gopre"]
[Black "mthal"]
[Result "0-1"]
[WhiteElo "2357"]
[BlackElo "2404"]

1. e4 c5 2. Nf3 Nc6 3. d4 cxd4 4. Nxd4 Nf6 5. Nc3 e5 6. Ndb5 d6 7. Bg5 a6 8. Na3
b5 9. Bxf6 gxf6 10. Nd5 f5 11. Bd3 Be6 12. O-O Bg7 13. Qh5 f4 14. c4 bxc4 15.
Bxc4 O-O 16. Rac1 Rb8 17. b3 Qa5 18. Nb1 Kh8 19. Nbc3 Nd4 20. Nxf4 Bxc4 21. bxc4
Qc5 22. Nfd5 Qxc4 23. Rfd1 Rb2 24. Ne3 Qe6 25. Rb1 Rfb8 26. Rxb2 Rxb2 27. Ncd5
Rxa2 28. Qh4 Qc8 29. Ne7 Qe6 30. N7d5 Qc8 31. Ne7 Qe6 32. N3f5 Qf6 33. Qg4 Nxf5
34. Nxf5 Bf8 35. h4 Ra5 36. h5 h6 37. Kh2 Kh7 38. f3 Rb5 39. Kg1 a5 40. Kh2 a4
41. Rd3 Ra5 42. Rc3 Ra8 43. Ra3 d5 44. Ra2 d4 45. f4 exf4 46. Qxf4 d3 47. Rf2
Bg7 48. Qg3 a3 49. Ra2 d2 50. Qg4 Rd8 51. Ne3 Qc3 52. Nd1 Qb3 53. Rxa3 Qxa3 54.
Qg3 Qxg3+ 55. Kxg3 Be5+ 56. Kf2 Rg8 57. Kf1 Bd4 58. g4 Rxg4 59. Ke2 Rg2+ 60. Kf3
Rf2+ 61. Nxf2 Bxf2 62. Ke2 Be3 63. Kxe3 d1=Q 64. Kf4 Qxh5 65. e5 Qg6 0-1

[Event "Challenge"]
[Site "http://www.queenalice.com/game.php?id=1406197"]
[Date "2016.1.26"]
[Round "-"]
[White "leduar"]
[Black "mthal"]
[Result "0-1"]
[WhiteElo "2225"]
[BlackElo "2360"]

1. b3 e5 2. Bb2 Nc6 3. e3 Nf6 4. Bb5 Bd6 5. Ne2 O-O 6. O-O Re8 7. Bxc6 dxc6 8.
d3 e4 9. d4 Bxh2+ 10. Kh1 Ng4 11. g3 Qf6 12. Nf4 Bxg3 13. Kg2 Bxf4 14. Rh1 Bxe3
15. f3 Qg6 0-1

[Event "Challenge"]
[Site "http://www.queenalice.com/game.php?id=1406198"]
[Date "2016.1.26"]
[Round "-"]
[White "mthal"]
[Black "leduar"]
[Result "1-0"]
[WhiteElo "2368"]
[BlackElo "2217"]

1. Nf3 Nf6 2. g3 b6 3. Bg2 Bb7 4. d4 e6 5. O-O d6 6. c4 d5 7. b3 Be7 8. Bb2 Ne4
9. Nbd2 f5 10. Ne5 O-O 11. Nxe4 fxe4 12. Bh3 Rf6 13. f3 exf3 14. Rxf3 Rxf3 15.
Bxe6+ Kf8 16. exf3 c5 17. Qc2 Bf6 18. Qxh7 Ke7 19. Nf7 1-0

[Event "Challenge"]
[Site "http://www.queenalice.com/game.php?id=1406457"]
[Date "2016.1.27"]
[Round "-"]
[White "leduar"]
[Black "mthal"]
[Result "0-1"]
[WhiteElo "2209"]
[BlackElo "2382"]

1. e4 c5 2. Nf3 Nc6 3. Nc3 Nf6 4. Be2 e5 5. d3 d5 6. exd5 Nxd5 7. Nxd5 Qxd5 8.
O-O Be7 9. Ng5 Nd4 10. Ne4 O-O 11. c4 Qd8 12. Be3 Be6 13. Rc1 Qd7 14. Bxd4 Qxd4
15. Qc2 Rfd8 16. Qc3 Rd7 17. Qxd4 Rxd4 18. f4 exf4 19. Rxf4 f5 20. Nxc5 Bxc5 21.
Rxd4 Bxd4+ 22. Kf1 Rd8 23. b3 Kf7 24. Bf3 b6 25. Ke2 Kf6 26. h4 f4 27. b4 Re8
28. Kf1 Bf5 29. Be2 Re3 30. c5 bxc5 31. bxc5 Rg3 32. c6 Bh3 33. Rc4 Ke5 34. c7
Rxg2 35. Ke1 Rg1+ 36. Kd2 Be3+ 37. Kc3 Rc1+ 38. Kb4 Rxc4+ 39. Kxc4 Bb6 40. Bf3
Bxc7 41. d4+ Kf5 42. Kd3 Bg4 43. Be4+ Kf6 44. Kd2 h6 45. Ke1 Bb6 46. d5 Ke5 0-1

[Event "Challenge"]
[Site "http://www.queenalice.com/game.php?id=1406458"]
[Date "2016.1.27"]
[Round "-"]
[White "mthal"]
[Black "leduar"]
[Result "1-0"]
[WhiteElo "2375"]
[BlackElo "2216"]

1. g3 d5 2. Bg2 Nf6 3. Nf3 e6 4. c4 Bd7 5. b3 g6 6. O-O Bg7 7. Nc3 c6 8. d4 O-O
9. Ne5 Be8 10. Ba3 Qa5 11. Bxf8 Bxf8 12. Qd3 Na6 13. a3 Nd7 14. f4 Qc7 15. cxd5
exd5 16. b4 Nf6 17. b5 Nb8 18. f5 Nbd7 19. bxc6 bxc6 20. fxg6 fxg6 21. Nxd7 Nxd7
22. Nxd5 cxd5 23. Bxd5+ Kg7 24. Bxa8 Bd6 25. Rac1 Qd8 26. Bg2 Qe7 27. Rc3 Bf7
28. Qf3 Nf6 29. e4 Nh5 30. e5 1-0

[Event "AUTO-ELITE-1608"]
[Site "http://www.queenalice.com/game.php?id=1432361"]
[Date "2016.7.20"]
[Round "2"]
[White "mthal"]
[Black "Caronte"]
[Result "0-1"]
[WhiteElo "2418"]
[BlackElo "2729"]

1. d4 d5 2. e3 Nf6 3. Bd3 c5 4. b3 Nc6 5. Bb2 cxd4 6. exd4 Bg4 7. Nf3 e6 8. O-O
Bd6 9. Nbd2 O-O 10. h3 Bh5 11. c4 Rc8 12. Rc1 Bf4 13. g4 Bg6 14. Bxg6 hxg6 15.
Re1 g5 16. Qe2 Qc7 17. Bc3 Rfe8 18. Rc2 b6 19. a3 Qd7 20. Bb2 dxc4 21. bxc4 e5
22. d5 Nd4 23. Bxd4 exd4 24. Qf1 Rxe1 25. Nxe1 Qa4 26. Ndf3 b5 27. c5 Nxd5 28.
Qd3 Rd8 29. Nxd4 Bc7 30. Nxb5 Nf4 31. Qc4 Qa5 32. Rc1 Nxh3+ 33. Kf1 Nxf2 34.
Kxf2 Qd2+ 35. Kf3 Bf4 36. Nd6 Qe3+ 37. Kg2 Qg3+ 0-1

[Event "AUTO-ELITE-1608"]
[Site "http://www.queenalice.com/game.php?id=1432362"]
[Date "2016.7.20"]
[Round "2"]
[White "Caronte"]
[Black "mthal"]
[Result "1-0"]
[WhiteElo "2731"]
[BlackElo "2416"]

1. e4 c5 2. Nf3 Nc6 3. d4 cxd4 4. Nxd4 Nf6 5. Nc3 e5 6. Ndb5 d6 7. Bg5 a6 8. Na3
b5 9. Nd5 Be7 10. Bxf6 Bxf6 11. c3 O-O 12. Nc2 Bg5 13. a4 bxa4 14. Rxa4 a5 15.
Bc4 Rb8 16. b3 Ne7 17. Nxe7+ Qxe7 18. h4 Bh6 19. Rxa5 Qc7 20. Ra1 Be6 21. Na3
Bxc4 22. Nxc4 Qc6 23. O-O Qxe4 24. Ra4 Qc6 25. Nxd6 Qxc3 26. Nf5 Qxb3 27. Qg4
Qe6 28. Rfa1 Kh8 29. g3 Qc6 30. Rc4 Qb6 31. Qe4 Qb2 32. Rd1 Qb3 33. Rf1 f6 34.
Ra1 Bd2 35. Rc7 Rf7 36. Qc6 Rxc7 37. Qxc7 Qg8 38. Nd6 Rf8 39. Ra7 h5 40. Qb7 1-0